<?xml version="1.0" encoding="UTF-8"?>
<collection xmlns="http://www.loc.gov/MARC21/slim">
 <record>
  <leader>01565nam a2200229Ia 4500</leader>
  <controlfield tag="001">TDMU_31992</controlfield>
  <controlfield tag="008">210410s9999    xx            000 0 und d</controlfield>
  <datafield tag="082" ind1=" " ind2=" ">
   <subfield code="a">109.2</subfield>
  </datafield>
  <datafield tag="090" ind1=" " ind2=" ">
   <subfield code="b">E207</subfield>
  </datafield>
  <datafield tag="100" ind1=" " ind2=" ">
   <subfield code="a">Eyler, A. Evan</subfield>
  </datafield>
  <datafield tag="245" ind1=" " ind2="0">
   <subfield code="a">Gay, lesbian, bisexual, &amp; transgender aging</subfield>
  </datafield>
  <datafield tag="245" ind1=" " ind2="0">
   <subfield code="b">challenges in research, practice, and policy</subfield>
  </datafield>
  <datafield tag="245" ind1=" " ind2="0">
   <subfield code="c">edited by Tarynn M. Witten and A. Evan Eyler</subfield>
  </datafield>
  <datafield tag="260" ind1=" " ind2=" ">
   <subfield code="a">Baltimore</subfield>
  </datafield>
  <datafield tag="260" ind1=" " ind2=" ">
   <subfield code="b">Johns Hopkins University Press</subfield>
  </datafield>
  <datafield tag="260" ind1=" " ind2=" ">
   <subfield code="c">2012</subfield>
  </datafield>
  <datafield tag="300" ind1=" " ind2=" ">
   <subfield code="a">xiii, 338 p.</subfield>
  </datafield>
  <datafield tag="520" ind1=" " ind2=" ">
   <subfield code="a">Includes bibliographical references and index; Neal A. Newfield, Ph.D., LICSW (Giver)</subfield>
   <subfield code="d">2017; The aging of sexual and gender minority persons : an overview / Tarynn M. Witten -- Informal caregiving : sexual orientation, sex development, and gender identity matter / Karen I. Fredriksen-Goldsen -- Aging in the gay community / Brian de Vries and Gil Herdt -- Aging in the lesbian community / Nancy M. Nystrom and Teresa C. Jones -- Aging in the bisexual community / Paula C. Rodriguez Rust -- Transgender and aging : beings and becomings / Tarynn M. Witten and A. Evan Eyler -- Intersex and aging : a (cautionary) research agenda / Monica J. Casper and Heather Laine Talley</subfield>
  </datafield>
  <datafield tag="650" ind1=" " ind2=" ">
   <subfield code="a">Homosexuality; Bisexuality; Social Stigma; Kỳ thị xã hội; Đồng tính luyến ái</subfield>
   <subfield code="x">Nghiên cứu</subfield>
   <subfield code="x">Chính sách; Đồng tính nam; Đồng tính nữ</subfield>
  </datafield>
  <datafield tag="700" ind1=" " ind2=" ">
   <subfield code="a">Witten, Tarynn</subfield>
  </datafield>
  <datafield tag="856" ind1=" " ind2=" ">
   <subfield code="u">http://lrc.tdmu.edu.vn/opac/search/detail.asp?aID=2&amp;ID=31992</subfield>
  </datafield>
  <datafield tag="980" ind1=" " ind2=" ">
   <subfield code="a">Trung tâm Học liệu Trường Đại học Thủ Dầu Một</subfield>
  </datafield>
 </record>
</collection>
